Le Doute et ses victimes dans le siècle présent (Registro nro. 306155)

Detalles MARC
000 -ENCABEZADO
Número de control [NR] 02056nam a22003017a 4500
005 - FECHA Y HORA DE LA ÚLTIMA TRANSACCIÓN
control field 20170303100216.0
008 - DE LONGITUD FIJA DE DATOS DE ELEMENTOS - INFORMACIÓN GENERAL
Elementos de longitud fija [NR] 170301s1909 fr |||fr|||| 001 0dfre d
040 ## - FUENTE DE CATALOGACION [NR]
Agencia de catalogación original [NR] CO-BoUCM
Idioma de catalogación [NR] spa
Quien Cataloga Sandra Yazo
Quien Clasifica Sandra Yazo
041 0# - CODIGO DE IDIOMA [R]
Código de idioma para texto/pista de sonido o título separado [R] Francés
082 04 - NUMERO DE CLASIFICACION DECIMAL DEWEY [R]
Número de la edición [NR] 20
Número de clasificación [R] 921
092 ## - SIGNATURA TOPOGRAFICA LOCAL
Número de clasificación local E43N008
100 1# - ASIENTO PRINCIPAL--NOMBRE PERSONAL [NR]
Nombre personal [NR] Baunard
Fechas asociadas con el nombre [NR] 1826-1919
Forma más completa del nombre [NR] Mgr
ID Autoridad 84417
242 03 - TRADUCCION DEL TITULO POR LA AGENCIA CATALOGADORA [R]
Título [NR] La duda y sus víctimas en el siglo actual
Mención de responsabilidad, etc. [NR] por Monseñor Baunard
245 13 - MENCION DE TITULO [NR]
Título [NR] Le Doute et ses victimes dans le siècle présent
Mención de responsabilidad, etc. [NR] par Mgr. Baunard
260 ## - PUBLICACION, DISTRIBUCION, ETC. (PIE DE IMPRENTA) [R]
Lugar de publicación, distribución, etc. [R] París (Francia)
Nombre del editor, distribuidor, etc. [R] Librairie Vve. Ch. Poussielgue. Librería de la Viuda de Ch. Poussielgue]
-- Imprimerie Ch. Herissey et Fils [Imprenta de Ch. Herissey e hijos]
Fecha de publicación, distribución, etc. [R] 1909
300 ## - DESCRIPCION FISICA [R]
Extensión [R] 491 páginas
Dimensiones [R] 18 x 12 cm.
490 ## - MENCION DE SERIE [R]
Mención de serie [R] Le Combat de la foi. Études biographiques et apologéthiques [El combate de la fe. Estudios biográficos y apologéticos]
500 ## - NOTA GENERAL [R]
Nota general [NR] Detalles físicos: Encuadernación rígida (Holandesa): cartón forrado en papel. Lomo de tela texturizada; con adornos en dorado. Guardas. Anteportada. Portada impresa en una sola tinta. Texto en una sola columna. Notas de pie de página. Notorio deterioro por humedad
505 0# - NOTA DE CONTENIDO CON FORMATO PREESTABLECIDO [R]
Nota de contenido con formato preestablecido [NR] Palabras iniciales ; Introducción ; Parte 1 - 2: Teodoro Jouffroy ; Maine de Biran ; Santa-Rosa ; Georges Farcy ; Victor Cousin ;Edmond Scherer -- Lord Byron ; Federico Schiller ; Leopardi ; Los poetas de la duda en Francia ; Conclusión
506 ## - NOTA DE RESTRICCIONES DE ACCESO [R]
Condiciones de acceso [NR] Consulta en sala
546 ## - NOTA DE IDIOMA [R]
Nota de idioma [NR] Texto en francés
650 #7 - ASIENTO SECUNDARIO DE MATERIA - TERMINO TEMATICO [R]
9 (RLIN) 7625
Término temático o nombre geográfico como elemento de entrada [NR] Filósofos
Subdivisión cronológica [R] Siglo XIX y XX
650 #7 - ASIENTO SECUNDARIO DE MATERIA - TERMINO TEMATICO [R]
9 (RLIN) 30990
Término temático o nombre geográfico como elemento de entrada [NR] Filósofos
Subdivisión de forma [R] Biografías
650 #7 - ASIENTO SECUNDARIO DE MATERIA - TERMINO TEMATICO [R]
9 (RLIN) 9245
Término temático o nombre geográfico como elemento de entrada [NR] Apologética
690 ## - ASUNTO AGREGADO LOCAL DE ENTRADA - TÉRMINO TEMÁTICO (OCLC, RLIN)
Acceso temático local Filosofía
9 (RLIN) 75
856 41 - LOCALIZACION Y ACCESO ELECTRONICOS [R]
Identificador Uniforme del Recurso (“URI”) [R] <a href="https://books.google.com.co/books?id=l7VLHzd6AE8C&pg=PA144&lpg=PA144&dq=Le+Doute+et+ses+victimes+dans+le+si%C3%A8cle+pr%C3%A9sent+pour+Baunard&source=bl&ots=Isyb5z0rHt&sig=fmzsFgLprxKwPtbe6_yHbRBmIlg&hl=es&sa=X&redir_esc=y#v=onepage&q=Le%20Doute%20et%20ses%20victimes%20dans%20le%20si%C3%A8cle%20pr%C3%A9sent%20pour%20Baunard&f=false">https://books.google.com.co/books?id=l7VLHzd6AE8C&pg=PA144&lpg=PA144&dq=Le+Doute+et+ses+victimes+dans+le+si%C3%A8cle+pr%C3%A9sent+pour+Baunard&source=bl&ots=Isyb5z0rHt&sig=fmzsFgLprxKwPtbe6_yHbRBmIlg&hl=es&sa=X&redir_esc=y#v=onepage&q=Le%20Doute%20et%20ses%20victimes%20dans%20le%20si%C3%A8cle%20pr%C3%A9sent%20pour%20Baunard&f=false</a>
Nota dirigida al público [R] Disponible en línea la edición de 1866
942 ## - ELEMENTOS DE ENTRADA AGREGADOS (KOHA)
Sistema de clasificación LOCAL
Tipo de ítem principal el descrito en 300a Libro
Edición 1
Clasificación E43N008
Existencias
Suprimido Perdido Sistema de clasificación Dañado No prestable Tipo de ítem específico Ubicación habitual Ubicación actual Localización Fecha de creación Forma de adquisición Costo Total préstamos Signatura topográfica Código de barras Última vez visto Ejemplar Price effective from Tipo de ítem
    LOCAL     Libro archivo Archivo Histórico Archivo Histórico Archivo histórico 01/03/2017 Donación 0.00   E43N009 L006208 01/03/2017 Ej.1 01/03/2017 Libro